| 000 | 00681nam a22002177a 4500 | ||
|---|---|---|---|
| 999 |
_c3855 _d3855 |
||
| 001 | 5025 | ||
| 003 | BD-DhUAP | ||
| 005 | 20200312155318.0 | ||
| 008 | 200312s1997 enka|||| |||| 00| 0 eng d | ||
| 020 | _a0521476879 | ||
| 020 | _a0521476887 | ||
| 040 |
_aBD-DhUAP _bEng _cBD-DhUAP _dBD-DhUAP |
||
| 082 |
_223 _a428.24 ODE |
||
| 100 | _aO'Dell, Felicity. | ||
| 245 |
_aEnglish Panorama 1 : _ba course for advanced learners : student's book / _cFelicity O'Dell. |
||
| 260 |
_aCambridge : _bCambridge University Press, _c2000. |
||
| 300 |
_a176 pages : _billustrations ; _c28 cm. |
||
| 650 |
_aEnglish language _vStudy and teaching. |
||
| 650 | _aEnglish language. | ||
| 942 |
_2ddc _cBK |
||